000 00494nam a2200193Ia 4500
005 20250603144710.0
008 250603s9999 xx 000 0 und d
020 _a9780321624802
050 _aQA 75.5 .R37/
100 _aRamachandran, Umakishore
245 0 _aComputer systems : an integrated approach to architecture and operating systems
250 _aInt’l ed.
260 _aBoston
260 _bPearson
260 _c2011
300 _a783 p
650 _aBoston
942 _cBK
999 _c39690
_d39690